[Event "43rd Guernsey International Open"]
[Site "?"]
[Date "2017.10.17"]
[Round "3"]
[White "Sielicki, Tomasz"]
[Black "Hoogland, Dirk"]
[Result "0-1"]
[WhiteElo "1997"]
[BlackElo "2098"]
[PlyCount "74"]
[EventDate "2017.10.15"]
[EventType "swiss"]
[EventRounds "7"]
[SourceDate "2017.11.01"]
[SourceVersionDate "2017.11.01"]

1. d4 Nf6 2. Bf4 e6 3. Nf3 b6 4. e3 d5 5. Nbd2 Bd6 6. Bg3 O-O 7. Bd3 c5 8. c3
a5 9. Ne5 Ba6 10. Bc2 Qc7 11. f4 Nbd7 12. Bh4 Rac8 13. Qf3 cxd4 14. exd4 Ne4
15. Nxe4 dxe4 16. Qxe4 f5 17. Qf3 Nf6 18. Bb3 Rce8 19. O-O-O Bb7 20. Qe2 Ne4
21. Ba4 Rc8 22. Bc2 Qxc3 23. Rd3 Qc7 24. Kb1 Ba6 25. Bb3 Bxd3+ 26. Qxd3 Rfe8
27. g4 Bxe5 28. gxf5 Bxf4 29. a3 Nd2+ 30. Ka1 Nxb3+ 31. Qxb3 Qc6 32. Rf1 a4 33.
Qd3 Qg2 34. Rxf4 Rc1+ 35. Ka2 Qg1 36. b4 Ra1+ 37. Kb2 Qc1# 0-1

[Event "43rd Guernsey International Open"]
[Site "?"]
[Date "2017.10.17"]
[Round "3"]
[White "Dilleigh, Stephen P"]
[Black "Van Dijk, Bram"]
[Result "1-0"]
[WhiteElo "2063"]
[BlackElo "1999"]
[PlyCount "101"]
[EventDate "2017.10.15"]
[EventType "swiss"]
[EventRounds "7"]
[SourceDate "2017.11.01"]
[SourceVersionDate "2017.11.01"]

1. Nf3 d5 2. d4 c6 3. c4 Nf6 4. Nc3 dxc4 5. a4 Bg4 6. Ne5 Bh5 7. f3 Nfd7 8.
Nxc4 e6 9. e4 Bb4 10. Be3 Qe7 11. Be2 Nb6 12. O-O N8d7 13. a5 Nxc4 14. Bxc4 O-O
15. Qe2 Rac8 16. Rfd1 Nf6 17. Qf2 Rfd8 18. a6 b6 19. Na2 Ne8 20. Nxb4 Qxb4 21.
Bf1 Nd6 22. Qd2 Qxd2 23. Rxd2 f6 24. Rc1 Be8 25. b4 h6 26. g3 Kf7 27. Rdc2 Ke7
28. Kf2 Bd7 29. Bd3 e5 30. dxe5 fxe5 31. Ke2 Nb5 32. Bxb5 cxb5 33. Rc7 Ra8 34.
Rd1 Ke6 35. Rd2 g5 36. f4 gxf4 37. gxf4 exf4 38. Bxf4 Rac8 39. Rxa7 Bc6 40.
Rxd8 Rxd8 41. Ke3 h5 42. Rh7 Rd1 43. Bg3 Rc1 44. Rh6+ Kd7 45. a7 Ba8 46. Rh8
Rc8 47. Rh7+ Ke6 48. Rxh5 Rc3+ 49. Kf4 Rc4 50. Re5+ Kf6 51. Re8 1-0

[Event "43rd Guernsey International Open"]
[Site "?"]
[Date "2017.10.17"]
[Round "3"]
[White "Ingham, H William"]
[Black "Rosen, Daniel B"]
[Result "0-1"]
[WhiteElo "1817"]
[BlackElo "2042"]
[PlyCount "62"]
[EventDate "2017.10.15"]
[EventType "swiss"]
[EventRounds "7"]
[SourceDate "2017.11.01"]
[SourceVersionDate "2017.11.01"]

1. d4 f5 2. Nf3 Nf6 3. Bg5 e6 4. Nbd2 d5 5. e3 Bd6 6. c3 O-O 7. Bd3 Nbd7 8. Qe2
c6 9. h3 Qe8 10. Rg1 Ne4 11. g4 e5 12. gxf5 Nxd2 13. Nxd2 e4 14. Bc2 Rxf5 15.
O-O-O Nf6 16. Qf1 Nh5 17. f4 Be6 18. Qf2 Qf7 19. Nf1 b5 20. Nh2 Kh8 21. Rdf1 h6
22. h4 hxg5 23. hxg5 g6 24. Qh4 Kg7 25. Ng4 Bxf4 26. exf4 Rxf4 27. Rf2 Bxg4 28.
Qh2 Rxf2 29. Qe5+ Kh7 30. Rxg4 Rf1+ 31. Bd1 Rxd1+ 0-1

[Event "43rd Guernsey International Open"]
[Site "?"]
[Date "2017.10.17"]
[Round "3"]
[White "Dijksterhuis, Rolf"]
[Black "Heppell, Ian N"]
[Result "0-1"]
[WhiteElo "1955"]
[BlackElo "2034"]
[PlyCount "54"]
[EventDate "2017.10.15"]
[EventType "swiss"]
[EventRounds "7"]
[SourceDate "2017.11.01"]
[SourceVersionDate "2017.11.01"]

1. e4 e5 2. Nf3 d6 3. d4 exd4 4. Nxd4 Nf6 5. Nc3 Be7 6. Be2 O-O 7. O-O Re8 8.
f4 Bf8 9. Bf3 c5 10. Nf5 Bxf5 11. exf5 Nc6 12. g4 Nd4 13. Bxb7 Rb8 14. Ba6 d5
15. Ne2 Qb6 16. Nxd4 Qxa6 17. Nb3 Re2 18. g5 Ng4 19. h3 Nh2 20. Rf2 Rbe8 21.
Bd2 Qc4 22. Rxh2 Rxh2 23. Kxh2 Re2+ 24. Kg3 Bd6 25. Qf1 Qe4 26. Qf3 Qe7 27.
Qxd5 Qxg5+ 0-1

[Event "43rd Guernsey International Open"]
[Site "?"]
[Date "2017.10.17"]
[Round "3"]
[White "Curtis, John E"]
[Black "Bakker, Joop"]
[Result "1-0"]
[WhiteElo "2093"]
[BlackElo "1853"]
[PlyCount "77"]
[EventDate "2017.10.15"]
[EventType "swiss"]
[EventRounds "7"]
[SourceDate "2017.11.01"]
[SourceVersionDate "2017.11.01"]

1. d4 d6 2. e4 Nf6 3. Nc3 c6 4. Nf3 Bg4 5. h3 Bxf3 6. Qxf3 e6 7. Bd3 d5 8. exd5
cxd5 9. O-O Nc6 10. Ne2 Be7 11. c3 O-O 12. Bf4 Ne4 13. Rfe1 Bd6 14. Bxd6 Qxd6
15. Nf4 Nf6 16. Nh5 Nxh5 17. Qxh5 h6 18. Re3 Qf4 19. Rae1 Rae8 20. g3 Qg5 21.
Qe2 Kh8 22. h4 Qd8 23. Qh5 Ne7 24. Rf3 Kg8 25. g4 Ng6 26. g5 e5 27. Bxg6 fxg6
28. Rxf8+ Rxf8 29. Qxg6 hxg5 30. hxg5 Qd7 31. Rxe5 Qg4+ 32. Kf1 Qd1+ 33. Re1
Qf3 34. Qe6+ Kh8 35. Qe3 Qf5 36. Kg2 Qg6 37. Qh3+ Kg8 38. Qe6+ Qxe6 39. Rxe6
1-0

[Event "43rd Guernsey International Open"]
[Site "?"]
[Date "2017.10.17"]
[Round "3"]
[White "Shaw, Meyrick"]
[Black "Reijneveld, Ad"]
[Result "1/2-1/2"]
[WhiteElo "1954"]
[BlackElo "2078"]
[PlyCount "64"]
[EventDate "2017.10.15"]
[EventType "swiss"]
[EventRounds "7"]
[SourceDate "2017.11.01"]
[SourceVersionDate "2017.11.01"]

1. e4 c5 2. Nc3 Nc6 3. f4 g6 4. Bc4 Bg7 5. Nf3 e6 6. O-O Nge7 7. Qe1 O-O 8. d3
d5 9. Bb3 a6 10. Ne2 b5 11. c3 c4 12. Bc2 cxd3 13. Bxd3 dxe4 14. Bxe4 Bb7 15.
Be3 Qc7 16. Qf2 Rac8 17. Bb6 Qb8 18. Rad1 f5 19. Bc2 Nd5 20. Bb3 Nce7 21. Bd4
Qd6 22. Rfe1 Rc7 23. Ng5 Bc8 24. Bxg7 Kxg7 25. Nd4 Rf6 26. Ndxe6+ Bxe6 27.
Nxe6+ Rxe6 28. Rxe6 Qxe6 29. Qd4+ Kh6 30. Bxd5 Nxd5 31. Qxd5 Qe3+ 32. Kh1 Qxf4
1/2-1/2

[Event "43rd Guernsey International Open"]
[Site "?"]
[Date "2017.10.17"]
[Round "3"]
[White "Marley, Andrew SG"]
[Black "Hamperl, Fred"]
[Result "0-1"]
[WhiteElo "1949"]
[BlackElo "2062"]
[PlyCount "132"]
[EventDate "2017.10.15"]
[EventType "swiss"]
[EventRounds "7"]
[SourceDate "2017.11.01"]
[SourceVersionDate "2017.11.01"]

1. c4 e5 2. g3 Nc6 3. Bg2 g6 4. Nc3 Bg7 5. e4 d6 6. d3 f5 7. exf5 Bxf5 8. Nge2
Qd7 9. Nd5 Nf6 10. Nxf6+ Bxf6 11. Nc3 O-O 12. O-O Rae8 13. Be3 Kh8 14. Ne4 Bg7
15. Qa4 Bh3 16. Rad1 Bxg2 17. Kxg2 Qf5 18. f3 Rd8 19. Qb3 b6 20. Rd2 a5 21. Qb5
Qd7 22. Nc3 Ne7 23. Qxd7 Rxd7 24. g4 d5 25. Bg5 Bf6 26. Bxf6+ Rxf6 27. Nxd5
Nxd5 28. cxd5 Rxd5 29. Re1 Kg7 30. Rde2 Rxd3 31. Rxe5 Rdxf3 32. R1e2 R3f4 33.
Kg3 Rf3+ 34. Kg2 Rf7 35. Re6 R3f6 36. Re8 Rc6 37. R8e5 Kf6 38. g5+ Kg7 39. h4
h6 40. Kg3 Rc1 41. Kg2 Rc4 42. Kg3 Rcf4 43. Re8 Rf3+ 44. Kg2 hxg5 45. hxg5 R3f5
46. R8e5 c6 47. Re8 Rxg5+ 48. Kh3 Rgf5 49. Kg2 b5 50. R8e6 c5 51. Rb6 c4 52.
Ree6 Rg5+ 53. Kh3 Rf3+ 54. Kh2 Rf2+ 55. Kh3 Rxb2 56. Rb7+ Kh6 57. Re8 Rf5 58.
Kg4 Rg2+ 59. Kh3 Rg1 60. Kh2 Rg4 61. Kh3 Kg5 62. Re6 Kf4 63. Rh7 Rh5+ 64. Rxh5
gxh5 65. Rf6+ Ke4 66. Re6+ Kd4 0-1

[Event "43rd Guernsey International Open"]
[Site "?"]
[Date "2017.10.17"]
[Round "3"]
[White "Bowmer, Kevin"]
[Black "Hawkins, James NH"]
[Result "1-0"]
[WhiteElo "2041"]
[BlackElo "1920"]
[PlyCount "65"]
[EventDate "2017.10.15"]
[EventType "swiss"]
[EventRounds "7"]
[SourceDate "2017.11.01"]
[SourceVersionDate "2017.11.01"]

1. e4 e5 2. Nf3 Nc6 3. Bb5 a6 4. Ba4 Nf6 5. O-O Be7 6. Re1 b5 7. Bb3 O-O 8. d4
Nxd4 9. Bxf7+ Rxf7 10. Nxe5 Rf8 11. Qxd4 Bb7 12. Nc3 c5 13. Qd1 Qc7 14. Ng4
Nxg4 15. Qxg4 Rae8 16. Bh6 Bf6 17. Rad1 Bc6 18. Nd5 Bxd5 19. Rxd5 d6 20. c3 Qf7
21. Be3 Re6 22. Qd1 Be5 23. g3 Rg6 24. Kh1 Qf3+ 25. Qxf3 Rxf3 26. Kg2 Rff6 27.
Bxc5 Bxg3 28. hxg3 dxc5 29. Rxc5 Rd6 30. Re2 Kf7 31. Rc7+ Ke6 32. f4 Rg4 33.
f5+ 1-0

[Event "43rd Guernsey International Open"]
[Site "?"]
[Date "2017.10.17"]
[Round "3"]
[White "Fassaert, Desire JM"]
[Black "Milnes, Anthony CP"]
[Result "1/2-1/2"]
[WhiteElo "1923"]
[BlackElo "2041"]
[PlyCount "50"]
[EventDate "2017.10.15"]
[EventType "swiss"]
[EventRounds "7"]
[SourceDate "2017.11.01"]
[SourceVersionDate "2017.11.01"]

1. c4 f5 2. g3 Nf6 3. Bg2 e6 4. Nf3 Be7 5. O-O O-O 6. d3 d6 7. Nc3 Nc6 8. a3
Qe8 9. b4 Qh5 10. Bb2 e5 11. Nd5 Bd8 12. Qd2 f4 13. gxf4 Bh3 14. Bxh3 Qxh3 15.
Nxf6+ Rxf6 16. Kh1 Rxf4 17. Rg1 Bf6 18. Rg3 Qh5 19. Rag1 Rf8 20. Qc1 Ne7 21.
Qxf4 exf4 22. Rxg7+ Kh8 23. Bxf6 Rxf6 24. Rxe7 Rg6 25. Rxc7 Rxg1+ 1/2-1/2

[Event "43rd Guernsey International Open"]
[Site "?"]
[Date "2017.10.17"]
[Round "3"]
[White "Kraft, Karl Heinz"]
[Black "Boerkamp, Harry"]
[Result "1/2-1/2"]
[WhiteElo "2036"]
[BlackElo "1896"]
[PlyCount "47"]
[EventDate "2017.10.15"]
[EventType "swiss"]
[EventRounds "7"]
[SourceDate "2017.11.01"]
[SourceVersionDate "2017.11.01"]

1. e4 e5 2. Nc3 Nf6 3. Nf3 Nc6 4. d4 exd4 5. Nd5 Nb4 6. Nxf6+ Qxf6 7. Bc4 Bc5
8. O-O d6 9. e5 dxe5 10. Ng5 O-O 11. a3 Na6 12. Ne4 Qb6 13. Qh5 Be6 14. Ng5 h6
15. Nxe6 fxe6 16. Bxh6 Rf7 17. Qg6 Kf8 18. Bg5 Re8 19. Qh7 Rf5 20. Qh8+ Kf7 21.
Qh5+ Kf8 22. Qh8+ Kf7 23. Qh5+ Kf8 24. Qh8+ 1/2-1/2

[Event "43rd Guernsey International Open"]
[Site "?"]
[Date "2017.10.17"]
[Round "3"]
[White "Havenaar, Jan"]
[Black "Canonne, Antoine"]
[Result "1-0"]
[WhiteElo "2030"]
[BlackElo "1893"]
[PlyCount "69"]
[EventDate "2017.10.15"]
[EventType "swiss"]
[EventRounds "7"]
[SourceDate "2017.11.01"]
[SourceVersionDate "2017.11.01"]

1. Nc3 e5 2. Nf3 Nc6 3. d4 exd4 4. Nxd4 Nf6 5. Bg5 Bb4 6. Nxc6 bxc6 7. Qd4 Be7
8. e4 O-O 9. O-O-O d6 10. e5 Ne8 11. Be3 Be6 12. Bd3 d5 13. Na4 Qc8 14. Nc5 Bf5
15. Qa4 Rb8 16. Qxc6 Rb6 17. Qxd5 c6 18. Qc4 Nc7 19. Bxf5 Qxf5 20. Nd7 Rb4 21.
Qxc6 Rc8 22. Rd3 Bg5 23. a3 Bxe3+ 24. fxe3 Qe4 25. Qxe4 Rxe4 26. Rc3 Rg4 27. g3
Rg6 28. Rd1 Re6 29. Rd6 Re7 30. b4 h6 31. a4 Kh7 32. b5 h5 33. a5 Nxb5 34. Rxc8
Nxd6 35. Nf8+ 1-0

[Event "43rd Guernsey International Open"]
[Site "?"]
[Date "2017.10.17"]
[Round "3"]
[White "Minnema, Rens"]
[Black "Wager, John D"]
[Result "0-1"]
[WhiteElo "1892"]
[BlackElo "2025"]
[PlyCount "104"]
[EventDate "2017.10.15"]
[EventType "swiss"]
[EventRounds "7"]
[SourceDate "2017.11.01"]
[SourceVersionDate "2017.11.01"]

1. e4 b6 2. d4 Bb7 3. Nc3 e6 4. Nf3 Bb4 5. Bd3 c5 6. O-O cxd4 7. Nxd4 Nf6 8.
Bg5 h6 9. Bh4 d6 10. f3 O-O 11. Nce2 Nbd7 12. c3 Bc5 13. b4 Bxd4+ 14. cxd4 a5
15. Bb5 Qb8 16. a4 Rc8 17. Qd2 Ba6 18. bxa5 bxa5 19. Qxa5 Bxb5 20. Qxb5 Qa7 21.
Bf2 d5 22. e5 Ne8 23. Qd3 Nb6 24. a5 Nc4 25. Rfb1 Nc7 26. h3 Na6 27. Kh2 Nxe5
28. Qe3 Nc4 29. Qf4 Rab8 30. g4 Rxb1 31. Rxb1 Nc7 32. Ra1 Nb5 33. g5 hxg5 34.
Qxg5 Nbd6 35. Rg1 Nf5 36. Ng3 f6 37. Qg4 Ncd6 38. Nh5 Qf7 39. a6 Ra8 40. Ra1 g5
41. Nf4 Kf8 42. Nd3 Nh6 43. Qg3 Nhf5 44. Qg4 Nh6 45. Qg3 Ndf5 46. Qg2 Qc7+ 47.
Kh1 Qc3 48. Qf1 Nh4 49. Bxh4 gxh4 50. Nf4 Nf5 51. Ne2 Qe3 52. Qg2 Qxe2 0-1

[Event "43rd Guernsey International Open"]
[Site "?"]
[Date "2017.10.17"]
[Round "3"]
[White "Schadd, Jan"]
[Black "Collier, David O"]
[Result "0-1"]
[WhiteElo "1869"]
[BlackElo "2015"]
[PlyCount "64"]
[EventDate "2017.10.15"]
[EventType "swiss"]
[EventRounds "7"]
[SourceDate "2017.11.01"]
[SourceVersionDate "2017.11.01"]

1. d4 Nf6 2. Nf3 e6 3. c4 Bb4+ 4. Bd2 a5 5. g3 d5 6. Bg2 Nc6 7. cxd5 exd5 8.
O-O O-O 9. Nc3 h6 10. Bf4 Bf5 11. Ne5 Ne7 12. Rc1 c6 13. f3 Ng6 14. Qd2 Re8 15.
g4 Nxf4 16. Qxf4 Be6 17. Qg3 Bd6 18. e3 Nd7 19. f4 f6 20. Nd3 Qb6 21. Rf2 Bf7
22. Qh3 Re7 23. Rff1 Ree8 24. Nd1 Qb5 25. Ne1 c5 26. g5 cxd4 27. gxh6 g6 28.
Nc2 dxe3 29. Ncxe3 Bc5 30. Nc3 Qd3 31. Ncxd5 Bxd5 32. Rcd1 Qxe3+ 0-1

[Event "43rd Guernsey International Open"]
[Site "?"]
[Date "2017.10.17"]
[Round "3"]
[White "Brookfield, Toby"]
[Black "Thurlow, Kevin J"]
[Result "0-1"]
[WhiteElo "1859"]
[BlackElo "2009"]
[PlyCount "56"]
[EventDate "2017.10.15"]
[EventType "swiss"]
[EventRounds "7"]
[SourceDate "2017.11.01"]
[SourceVersionDate "2017.11.01"]

1. e4 c5 2. Nf3 e6 3. d4 cxd4 4. Nxd4 Nc6 5. Nc3 Qc7 6. Be3 a6 7. Nxc6 dxc6 8.
Bd3 e5 9. O-O Nf6 10. f4 Ng4 11. Qe1 Nxe3 12. Qxe3 exf4 13. Qxf4 Qxf4 14. Rxf4
Bd6 15. Rff1 Be5 16. Rab1 Be6 17. a3 b5 18. Ne2 f6 19. Nf4 Ba2 20. Ra1 Bf7 21.
Rab1 Rd8 22. b3 Ke7 23. g3 Rd7 24. Be2 Rd2 25. Bd3 g5 26. Ne2 Rd8 27. Kf2 Bh5
28. Ke1 R8xd3 0-1

[Event "43rd Guernsey International Open"]
[Site "?"]
[Date "2017.10.17"]
[Round "3"]
[White "Vorstermans, Peter"]
[Black "Cook, Chris"]
[Result "1/2-1/2"]
[WhiteElo "2007"]
[BlackElo "1771"]
[PlyCount "77"]
[EventDate "2017.10.15"]
[EventType "swiss"]
[EventRounds "7"]
[SourceDate "2017.11.01"]
[SourceVersionDate "2017.11.01"]

1. e4 c5 2. d4 cxd4 3. c3 g6 4. cxd4 Bg7 5. Nf3 d6 6. Nc3 Nf6 7. Be2 a6 8. O-O
O-O 9. a4 Qc7 10. Bf4 Nc6 11. Rc1 Qa5 12. d5 Na7 13. Qb3 Nd7 14. Qa3 Qd8 15.
Be3 b6 16. b4 Bb7 17. Nd4 Re8 18. Na2 Bxd4 19. Bxd4 e6 20. dxe6 fxe6 21. f3 Nc6
22. Bb2 Nf6 23. Rfd1 e5 24. Qe3 Kg7 25. Rc2 Rc8 26. Rcd2 d5 27. exd5 Nd4 28.
Bxd4 exd4 29. Qxd4 Qxd5 30. Qf2 Qc6 31. b5 Qc5 32. Qxc5 Rxc5 33. Nb4 axb5 34.
Bxb5 Re7 35. Nd3 Rg5 36. Ne1 Nd5 37. Re2 Rxe2 38. Bxe2 Bc6 39. Bb5 1/2-1/2

[Event "43rd Guernsey International Open"]
[Site "?"]
[Date "2017.10.17"]
[Round "3"]
[White "Winter, Kevin"]
[Black "Goris, Ton"]
[Result "1/2-1/2"]
[WhiteElo "1774"]
[BlackElo "2006"]
[PlyCount "33"]
[EventDate "2017.10.15"]
[EventType "swiss"]
[EventRounds "7"]
[SourceDate "2017.11.01"]
[SourceVersionDate "2017.11.01"]

1. e4 e6 2. d3 d5 3. Nd2 Nf6 4. Ngf3 Nc6 5. Be2 Bc5 6. O-O O-O 7. c3 dxe4 8.
dxe4 Qe7 9. h3 Rd8 10. Qc2 a6 11. a4 h6 12. b4 Bd6 13. Nc4 e5 14. Nxd6 cxd6 15.
Be3 Be6 16. b5 Nb8 17. Nd2 1/2-1/2

[Event "43rd Guernsey International Open"]
[Site "?"]
[Date "2017.10.17"]
[Round "3"]
[White "Frijling, Jeroen"]
[Black "De Kruif, Kees"]
[Result "0-1"]
[WhiteElo "1727"]
[BlackElo "1993"]
[PlyCount "112"]
[EventDate "2017.10.15"]
[EventType "swiss"]
[EventRounds "7"]
[SourceDate "2017.11.01"]
[SourceVersionDate "2017.11.01"]

1. d4 Nf6 2. c4 g6 3. Nc3 Bg7 4. e4 d6 5. f3 O-O 6. Be3 Nbd7 7. Bd3 c5 8. Nge2
cxd4 9. Nxd4 Ne5 10. Be2 Bd7 11. O-O a6 12. Rc1 Rc8 13. b3 Qa5 14. Qd2 Rfe8 15.
Rfd1 Nc6 16. Nxc6 Bxc6 17. Nd5 Qxd2 18. Nxf6+ Bxf6 19. Rxd2 b5 20. cxb5 Bxb5
21. Rxc8 Rxc8 22. Bxb5 axb5 23. Rd5 b4 24. Bd2 Rc2 25. Bxb4 Rxa2 26. Bd2 Rb2
27. b4 Kf8 28. b5 Ke8 29. Be3 Kd7 30. b6 Bc3 31. Rd3 Ba5 32. Ra3 Bxb6 33. Bxb6
Rxb6 34. Ra7+ Ke6 35. Kf2 Kf6 36. g4 g5 37. Kg3 e6 38. h4 h6 39. h5 d5 40. exd5
exd5 41. Kf2 Ke6 42. Ke3 f5 43. Kd4 fxg4 44. fxg4 Rb4+ 45. Ke3 Rxg4 46. Ra6+
Kf5 47. Rxh6 d4+ 48. Kd3 Rh4 49. Rh8 Kf4 50. h6 Kg3 51. h7 g4 52. Kxd4 Kh2 53.
Ra8 g3+ 54. Ke3 Rxh7 55. Ra2+ g2 56. Kf3 Rf7+ 0-1

[Event "43rd Guernsey International Open"]
[Site "?"]
[Date "2017.10.17"]
[Round "3"]
[White "Murray, J Stephen"]
[Black "Campbell, Ian"]
[Result "0-1"]
[WhiteElo "1763"]
[BlackElo "1990"]
[PlyCount "120"]
[EventDate "2017.10.15"]
[EventType "swiss"]
[EventRounds "7"]
[SourceDate "2017.11.01"]
[SourceVersionDate "2017.11.01"]

1. e4 g6 2. d4 d6 3. Nf3 Bg7 4. Nc3 a6 5. Be3 Nd7 6. Qd2 b5 7. Bd3 Bb7 8. O-O
h6 9. Ne2 Ngf6 10. Ng3 Ng4 11. c3 Nxe3 12. Qxe3 e6 13. Rfe1 O-O 14. Rad1 Qe7
15. Bb1 Nb6 16. Qe2 Rfe8 17. Nf1 c5 18. Ne3 Rac8 19. h3 cxd4 20. Nxd4 Qc7 21.
Nf3 Rcd8 22. Qc2 d5 23. exd5 Nxd5 24. Nxd5 Bxd5 25. Qe2 Qb6 26. a3 Bb7 27. Bc2
Rxd1 28. Rxd1 Rd8 29. Rxd8+ Qxd8 30. Be4 Bc8 31. Qd3 Qxd3 32. Bxd3 Bb7 33. Kf1
Kf8 34. Ke2 Ke7 35. g3 Kd6 36. h4 e5 37. Nd2 f5 38. Bc2 Bc6 39. Bb3 g5 40. hxg5
hxg5 41. Ba2 Bf6 42. Bb1 Bd7 43. Ba2 g4 44. Bb3 Bg5 45. Ba2 a5 46. Bb1 Be6 47.
Bc2 a4 48. Bb1 Kc6 49. Bc2 Be7 50. Nf1 f4 51. gxf4 exf4 52. Nd2 Bg5 53. Bd3 f3+
54. Kd1 Bf4 55. Be4+ Bd5 56. Bf5 g3 57. fxg3 Bxg3 58. Bg4 f2 59. Nf1 Bf4 60.
Be2 Bb3# 0-1

[Event "43rd Guernsey International Open"]
[Site "?"]
[Date "2017.10.17"]
[Round "3"]
[White "Van Gils, Martin"]
[Black "Rowe, Oliver"]
[Result "1/2-1/2"]
[WhiteElo "1978"]
[BlackElo "1634"]
[PlyCount "49"]
[EventDate "2017.10.15"]
[EventType "swiss"]
[EventRounds "7"]
[SourceDate "2017.11.01"]
[SourceVersionDate "2017.11.01"]

1. g3 g6 2. Bg2 Bg7 3. d3 d6 4. Nd2 f5 5. c3 c6 6. e4 Nf6 7. Ne2 O-O 8. O-O Kh8
9. b3 e5 10. Ba3 Rf7 11. d4 exd4 12. cxd4 fxe4 13. Nxe4 Nxe4 14. Bxe4 Bf5 15.
Qd3 Bxe4 16. Qxe4 d5 17. Qd3 Nd7 18. Bd6 Qf6 19. Ba3 Qf5 20. Rad1 Qxd3 21. Rxd3
Re8 22. Re3 Rxe3 23. fxe3 Rxf1+ 24. Kxf1 Kg8 25. h3 1/2-1/2

[Event "43rd Guernsey International Open"]
[Site "?"]
[Date "2017.10.17"]
[Round "3"]
[White "Bakkes, Frits"]
[Black "Sedgwick, David R"]
[Result "0-1"]
[WhiteElo "1636"]
[BlackElo "1972"]
[PlyCount "58"]
[EventDate "2017.10.15"]
[EventType "swiss"]
[EventRounds "7"]
[SourceDate "2017.11.01"]
[SourceVersionDate "2017.11.01"]

1. e4 e5 2. Nf3 d5 3. Nxe5 Bd6 4. d4 dxe4 5. Qe2 Nf6 6. Nc3 O-O 7. Bf4 Bf5 8.
O-O-O Nc6 9. Kb1 Qe8 10. Nxc6 Bxf4 11. Na5 b6 12. Nb3 Qd7 13. g3 Bg4 14. Qc4 b5
15. Nxb5 Bxd1 16. gxf4 Bg4 17. Nc5 Qc6 18. Rg1 Bf5 19. Rg5 g6 20. h4 Ng4 21. d5
Qf6 22. Bh3 h6 23. Bxg4 hxg5 24. hxg5 Qe7 25. Bxf5 gxf5 26. Nd4 Qd6 27. Nxf5
Qxf4 28. Nh6+ Kh7 29. Nxe4 Rae8 0-1

[Event "43rd Guernsey International Open"]
[Site "?"]
[Date "2017.10.17"]
[Round "3"]
[White "Strade, Arita"]
[Black "Maloberti, David"]
[Result "0-1"]
[WhiteElo "1917"]
[BlackElo "2132"]
[PlyCount "110"]
[EventDate "2017.10.15"]
[EventType "swiss"]
[EventRounds "7"]
[SourceDate "2017.11.01"]
[SourceVersionDate "2017.11.01"]

1. Nf3 Nf6 2. g3 g6 3. Bg2 Bg7 4. O-O O-O 5. c4 d6 6. Nc3 Nc6 7. d4 e5 8. d5
Ne7 9. e4 h6 10. a4 Nd7 11. Nh4 a5 12. Ra3 Nc5 13. Be3 g5 14. Nf3 b6 15. Bxc5
bxc5 16. Nb5 f5 17. Nd2 fxe4 18. Bxe4 Bh3 19. Re1 Qd7 20. Nf1 Rf7 21. Ne3 Raf8
22. Re2 Nf5 23. Bxf5 Bxf5 24. Nxf5 Qxf5 25. Qe1 Qg4 26. Rc3 Re7 27. Re4 Qf5 28.
Rc2 Ra8 29. Rce2 g4 30. Qc3 h5 31. Na3 Bh6 32. Nb1 Rf7 33. Nd2 Rb8 34. Nb3 Rb4
35. Nxa5 Rxa4 36. b3 Ra3 37. Qe1 Qf3 38. Nc6 Rxb3 39. Rxe5 dxe5 40. Nxe5 Qc3
41. Nxf7 Qxe1+ 42. Rxe1 Kxf7 43. Re4 Rd3 44. Re6 Bf8 45. Re2 Rd4 46. Rc2 Bh6
47. Kg2 Rd2 48. Rxd2 Bxd2 49. f3 Kf6 50. h3 Ke5 51. hxg4 hxg4 52. fxg4 Kd4 53.
Kf3 Bg5 54. Ke2 Kxc4 55. Kf3 Kxd5 0-1

[Event "43rd Guernsey International Open"]
[Site "?"]
[Date "2017.10.17"]
[Round "3"]
[White "Boldt, Heinrich"]
[Black "Prill, Gerhard"]
[Result "1/2-1/2"]
[WhiteElo "1835"]
[BlackElo "1948"]
[PlyCount "39"]
[EventDate "2017.10.15"]
[EventType "swiss"]
[EventRounds "7"]
[SourceDate "2017.11.01"]
[SourceVersionDate "2017.11.01"]

1. d4 Nf6 2. Nf3 e6 3. Bf4 d5 4. e3 Bd6 5. Bd3 Bxf4 6. exf4 Qd6 7. Qd2 b6 8.
Nc3 c6 9. O-O O-O 10. Ne5 Ba6 11. Rae1 Bxd3 12. Qxd3 c5 13. Nb5 Qd8 14. dxc5 a6
15. Nc3 bxc5 16. b3 Ra7 17. f5 Re7 18. Re2 Qd6 19. Rfe1 Rd8 20. f4 1/2-1/2

[Event "43rd Guernsey International Open"]
[Site "?"]
[Date "2017.10.17"]
[Round "3"]
[White "Cummins, John"]
[Black "Morcom, Huw"]
[Result "0-1"]
[WhiteElo "1790"]
[BlackElo "1936"]
[PlyCount "94"]
[EventDate "2017.10.15"]
[EventType "swiss"]
[EventRounds "7"]
[SourceDate "2017.11.01"]
[SourceVersionDate "2017.11.01"]

1. e4 c5 2. Nf3 d6 3. h3 a6 4. c3 Nd7 5. d4 g6 6. Be2 Bg7 7. O-O Qc7 8. Bf4 Qc6
9. Qd2 Ngf6 10. dxc5 Nxc5 11. Be3 Qc7 12. e5 dxe5 13. Bh6 O-O 14. Bxg7 Kxg7 15.
Na3 Bf5 16. Rad1 Rad8 17. Qe3 e4 18. Nd4 Bc8 19. Kh1 e5 20. Ndc2 Nd5 21. Qg3
Nf4 22. Bc4 b5 23. Rxd8 Rxd8 24. Bb3 Nxb3 25. axb3 Bb7 26. Ne3 Kh8 27. b4 Qe7
28. Nac2 f5 29. Re1 Rd7 30. Rd1 Ne2 31. Qh2 Rxd1+ 32. Nxd1 f4 33. h4 Qd6 34.
Nde3 fxe3 35. Nxe3 Bc8 36. h5 Kg7 37. Qh4 Qf6 38. h6+ Kf7 39. Qxe4 Qf5 40. Qd5+
Be6 41. Qb7+ Kf6 42. Qg7+ Kg5 43. Qe7+ Qf6 44. Qd6 Kh5 45. g4+ Kxh6 46. g5+
Kxg5 47. Kg2 Bh3+ 0-1

[Event "43rd Guernsey International Open"]
[Site "?"]
[Date "2017.10.17"]
[Round "3"]
[White "Gravett, Alan D"]
[Black "Agustsson, Hafsteinn"]
[Result "1/2-1/2"]
[WhiteElo "1810"]
[BlackElo "1925"]
[PlyCount "37"]
[EventDate "2017.10.15"]
[EventType "swiss"]
[EventRounds "7"]
[SourceDate "2017.11.01"]
[SourceVersionDate "2017.11.01"]

1. g3 d5 2. Nf3 Nf6 3. Bg2 Bf5 4. O-O c6 5. d4 e6 6. c4 Nbd7 7. cxd5 exd5 8.
Nc3 Bd6 9. Nh4 Bg6 10. Nxg6 hxg6 11. Bg5 Qc7 12. Qb3 O-O 13. e4 dxe4 14. Nxe4
Nxe4 15. Bxe4 Qb6 16. Qc4 Qb4 17. Qxb4 Bxb4 18. a3 Bd6 19. b4 1/2-1/2

[Event "43rd Guernsey International Open"]
[Site "?"]
[Date "2017.10.17"]
[Round "3"]
[White "Taylor, Mark V"]
[Black "Van der Giessen, Ada Leona"]
[Result "1-0"]
[WhiteElo "2015"]
[BlackElo "1821"]
[PlyCount "31"]
[EventDate "2017.10.15"]
[EventType "swiss"]
[EventRounds "7"]
[SourceDate "2017.11.01"]
[SourceVersionDate "2017.11.01"]

1. d4 f5 2. Nc3 g6 3. e4 d6 4. Bd3 fxe4 5. Nxe4 Nf6 6. Nf3 Bg7 7. Bg5 O-O 8.
Qd2 Re8 9. O-O-O a5 10. Bh6 Bh8 11. h4 Bg4 12. Qf4 Qd7 13. Rde1 Nd5 14. Bc4 Be6
15. Qg5 Nb6 16. Nc5 1-0